| 000 | 00747nam a2200241 u 4500 | ||
|---|---|---|---|
| 005 | 20240528063652.0 | ||
| 008 | 190604s2007 r 000 0 eng d | ||
| 020 | _a9788424135324 | ||
| 035 | _aUPN01000230959 | ||
| 049 | _aI | ||
| 050 | 4 |
_aQ182.3 _bT5.3 |
|
| 245 | 0 | 0 |
_aTiempo y clima/ _ced. Caroline Beattie. |
| 260 |
_aLeón, Esp. : _bEverest, _c2007. |
||
| 300 |
_a63 p. : _bil. col. |
||
| 440 | 0 | _aExperimentos científicos | |
| 534 |
_pTítulo original: _tWeather and climate |
||
| 650 | 4 |
_aCIENCIA - _xEXPERIMENTOS - _vLITERATURA INFANTIL _913449 |
|
| 650 | 4 |
_aEXPERIMENTOS EDUCATIVOS _95899 |
|
| 650 | 4 |
_aClimatología _vLiteratura infantil _911159 |
|
| 700 | 1 |
_aBeattie, Caroline, _eed. |
|
| 905 | _aInfantil | ||
| 999 |
_c203054 _d203054 |
||